El caso del asesinato de Benson / (Registro nro. 3542)

Detalles MARC
000 -LEADER
fixed length control field 00777nam a2200193Ia 4500
003 - CONTROL NUMBER IDENTIFIER
control field OSt
005 - DATE AND TIME OF LATEST TRANSACTION
control field 20250505112858.0
008 - FIXED-LENGTH DATA ELEMENTS--GENERAL INFORMATION
fixed length control field 191128s1965 ck er 000 f spa d
040 ## - CATALOGING SOURCE
Original cataloging agency CO-JMCR
Transcribing agency CO-JMCR
041 ## - LANGUAGE CODE
Language code of text/sound track or separate title spa
082 04 - DEWEY DECIMAL CLASSIFICATION NUMBER
Classification number A-N
Item number VANc
100 1# - MAIN ENTRY--PERSONAL NAME
Personal name Van Dine, S. S.
Relator term autor
9 (RLIN) 8241
245 10 - TITLE STATEMENT
Title El caso del asesinato de Benson /
Statement of responsibility, etc. S.S. Van Dine
260 ## - PUBLICATION, DISTRIBUTION, ETC.
Place of publication, distribution, etc. Bogotá :
Name of publisher, distributor, etc. Circulo de lectores,
Date of publication, distribution, etc. 1965
300 ## - PHYSICAL DESCRIPTION
Extent 463 páginas ;
Dimensions 20 cm.
520 ## - SUMMARY, ETC.
Summary, etc. Nueva York, 1925. Por primera vez, Philo Vance logra convencer a su amigo Markham, fiscal de distrito, de que lo deje participar en la investigación del asesinato de un prominente vecino de la ciudad. Alvin Benson es un hombre de la Bolsa y ha sumado corr
650 14 - SUBJECT ADDED ENTRY--TOPICAL TERM
Topical term or geographic name entry element Novela estadounidense
9 (RLIN) 8242
942 ## - ADDED ENTRY ELEMENTS (KOHA)
Source of classification or shelving scheme Dewey Decimal Classification
Koha item type Books
Existencias
Withdrawn status Lost status Source of classification or shelving scheme Damaged status Not for loan Home library Current library Date acquired Source of acquisition Full call number Barcode Date last seen Copy number Koha item type
    Dewey Decimal Classification     Biblioteca Pública José María del Castillo y Rada Biblioteca Pública José María del Castillo y Rada 11/28/2019 Donación A-N VANc 201807404 11/28/2019 Ej.1 Books